LEADER 03871nam 2200553 450 001 996464387603316 005 20220201125653.0 010 $a3-030-78372-3 024 7 $a10.1007/978-3-030-78372-3 035 $a(CKB)4100000011954768 035 $a(DE-He213)978-3-030-78372-3 035 $a(MiAaPQ)EBC6639210 035 $a(Au-PeEL)EBL6639210 035 $a(OCoLC)1256260224 035 $a(PPN)257358544 035 $a(EXLCZ)994100000011954768 100 $a20220201d2021 uy 0 101 0 $aeng 135 $aurnn|008mamaa 181 $ctxt$2rdacontent 182 $cc$2rdamedia 183 $acr$2rdacarrier 200 00$aApplied cryptography and network security $e19th international conference, ACNS 2021, Kamakura, Japan, June 21-24, 2021 : proceedings /$fKazue Sako and Nils Ole Tippenhauer (editors) 205 $a1st ed. 2021. 210 1$aCham, Switzerland :$cSpringer,$d[2021] 210 4$d©2021 215 $a1 online resource (XIV, 482 p. 72 illus., 21 illus. in color.) 225 1 $aSecurity and Cryptology ;$v12726 311 $a3-030-78371-5 320 $aIncludes bibliographical references and index. 327 $aCryptographic Protocols -- Adaptive-ID Secure Hierarchical ID-Based Authenticated Key Exchange under Standard Assumptions without Random Oracles -- Analysis of Client-side Security for Long-term Time-stamping Services -- Towards Efficient and Strong Backward Private Searchable Encryption with Secure Enclaves -- Secure and Fair Protocols -- CECMLP: New Cipher-Based Evaluating Collaborative Multi-Layer Perceptron Scheme in Federated Learning -- Blind Polynomial Evaluation and Data Trading -- Coin-Based Multi-Party Fair Exchange -- Cryptocurrency and Smart Contracts -- P2DEX: Privacy-Preserving Decentralized Cryptocurrency Exchange -- WOTS+ up my Sleeve! A Hidden Secure Fallback for Cryptocurrency Wallets -- Terrorist Attacks for Fake Exposure Notifications in Contact Tracing Systems -- Digital Signatures -- Unlinkable and Invisible -Sanitizable Signatures -- Partially Structure-Preserving Signatures: Lower Bounds, Constructions and More -- An Efficient Certificate-Based Signature Scheme in the Standard Model -- Embedded System Security -- SnakeGX: a sneaky attack against SGX Enclaves -- Telepathic Headache: Mitigating Cache Side-Channel Attacks on Convolutional Neural Networks -- Efficient FPGA Design of Exception-Free Generic Elliptic Curve Cryptosystems -- Lattice Cryptography -- Access Control Encryption from Group Encryption -- Password Protected Secret Sharing from Lattices -- Efficient Homomorphic Conversion Between (Ring) LWE Ciphertexts. 330 $aThe two-volume set LNCS 12726 + 12727 constitutes the proceedings of the 19th International Conference on Applied Cryptography and Network Security, ACNS 2021, which took place virtually during June 21-24, 2021. The 37 full papers presented in the proceedings were carefully reviewed and selected from a total of 186 submissions. They were organized in topical sections as follows: Part I: Cryptographic protocols; secure and fair protocols; cryptocurrency and smart contracts; digital signatures; embedded system security; lattice cryptography; Part II: Analysis of applied systems; secure computations; cryptanalysis; system security; and cryptography and its applications. 410 0$aSecurity and Cryptology ;$v12726 606 $aComputer organization 606 $aCoding theory 606 $aComputer security 615 0$aComputer organization. 615 0$aCoding theory. 615 0$aComputer security. 676 $a005.82 702 $aTippenhauer$b Nils Ole 702 $aSako$b Kazue 801 0$bMiAaPQ 801 1$bMiAaPQ 801 2$bMiAaPQ 906 $aBOOK 912 $a996464387603316 996 $aApplied Cryptography and Network Security$9771881 997 $aUNISA LEADER 01441nas 2200457- 450 001 996320945003316 005 20210920213022.0 011 $a2308-1708 035 $a(OCoLC)947093366 035 $a(CKB)3710000000580456 035 $a(CONSER)--2017268618 035 $a(DE-599)ZDB2813825-9 035 $a(EXLCZ)993710000000580456 100 $a20160209a20139999 o-- a 101 0 $aeng 135 $aur|nu|||||||| 181 $ctxt$2rdacontent 182 $cc$2rdamedia 183 $acr$2rdacarrier 200 00$aGI_Forum 210 1$aBerlin, Germany :$cHerbert Wichmann Verlag,$d2013- 215 $a1 online resource 300 $aRefereed/Peer-reviewed 517 1 $aJournal for geographic information science 531 0 $aGI Forum 606 $aGeographic information systems$vPeriodicals 606 $aGeoinformatics$vPeriodicals 606 $aGeographic information systems$2fast$3(OCoLC)fst00940423 606 $aGeoinformatics$2fast$3(OCoLC)fst01930737 608 $aPeriodicals.$2fast 610 $aGeography-General 615 0$aGeographic information systems 615 0$aGeoinformatics 615 7$aGeographic information systems. 615 7$aGeoinformatics. 712 02$aÖsterreichische Akademie der Wissenschaften, 712 02$aUniversität Salzburg.$bZentrum für Geoinformatik, 906 $aJOURNAL 912 $a996320945003316 996 $aGI_Forum$92203970 997 $aUNISA